University Home | Library Home | Institutional Repository

Scenes and services in South Africa : (Record no. 216605)

MARC details
000 -LEADER
fixed length control field 00657nam a22001817a 4500
005 - DATE AND TIME OF LATEST TRANSACTION
control field 20260415090208.0
008 - FIXED-LENGTH DATA ELEMENTS--GENERAL INFORMATION
fixed length control field 260415b |||||||| |||| 00| 0 eng d
040 ## - CATALOGING SOURCE
Original cataloging agency LC
Transcribing agency UNZA
Modifying agency UNZA
Description conventions RDA
050 ## - LIBRARY OF CONGRESS CALL NUMBER
Classification number ZAMB DT 756
Item number SCE 1876
245 ## - TITLE STATEMENT
Title Scenes and services in South Africa :
Remainder of title the story of Robert Moffat's half-century of missionary labours /
250 ## - EDITION STATEMENT
Edition statement Special edition for presentation
260 ## - PUBLICATION, DISTRIBUTION, ETC.
Place of publication, distribution, etc. London:
Name of publisher, distributor, etc. John Snow & Co.,
Date of publication, distribution, etc. 1876.
300 ## - PHYSICAL DESCRIPTION
Extent 255 pages:
Other physical details illustrations.
500 ## - GENERAL NOTE
General note At head of title: Special edition for presentation.
650 ## - SUBJECT ADDED ENTRY--TOPICAL TERM
Topical term or geographic name entry element Moffat, Robert
Chronological subdivision 1795-1883.
650 ## - SUBJECT ADDED ENTRY--TOPICAL TERM
Topical term or geographic name entry element Missions
Geographic subdivision South Africa.
942 ## - ADDED ENTRY ELEMENTS (KOHA)
Koha item type Zambian collection
999 ## -
-- 216605
-- 216605
Holdings
Withdrawn status Lost status Source of classification or shelving scheme Damaged status Not for loan Home library Current library Shelving location Date acquired Total Checkouts Full call number Barcode Date last seen Copy number Price effective from Koha item type
    Library of Congress Classification     Main Library Main Library Special collections 04/15/2026   ZAMB DT 756 SCE 1876 33729001861645 04/15/2026 C.1 04/15/2026 Zambian collection
© 2026 - The University of Zambia Library - Koha v25.11